|
|
|
|
| LEADER |
00000nam0a2200000 4500 |
| 001 |
107224 |
| 005 |
20231031115223.0 |
| 010 |
|
|
|a 5170198434
|
| 035 |
|
|
|a (RuTPU)RU\TPU\book\115771
|
| 090 |
|
|
|a 107224
|
| 100 |
|
|
|a 20061220d2004 m y0rusy50 ca
|
| 101 |
0 |
|
|a rus
|
| 102 |
|
|
|a RU
|
| 105 |
|
|
|a y z 000ay
|
| 200 |
1 |
|
|a Вероника
|e роман
|f А. Знаменская
|
| 210 |
|
|
|a Москва
|c АСТ
|d 2004
|
| 215 |
|
|
|a 317 с.
|
| 225 |
1 |
|
|a Городской роман
|
| 330 |
|
|
|a Вероника привыкла побеждать. ДВАЖДЫ пережив трагедию предательства любимого человека, она решила УЧИТЬСЯ НА СВОИХ ОШИБКАХ. Она не позволила судьбе одержать верх и превратилась в жесткую бизнес-леди, никому не позволяющую увидеть под маской преуспевания тоску, боль и одиночество. Но в душе ее жила ВЕРА. Вера в то, что все изменится и она опять станет СЛАБОЙ ЖЕНЩИНОЙ, любимой и желанной. Удастся ли ей вновь переиграть судьбу?
|
| 610 |
1 |
|
|a русская литература
|
| 610 |
1 |
|
|a романы
|
| 610 |
1 |
|
|a любовь
|
| 675 |
|
|
|a Р2
|v 3
|
| 700 |
|
1 |
|a Знаменская
|b А.
|g Анна
|
| 801 |
|
1 |
|a RU
|b 63413507
|c 20061220
|g PSBO
|
| 801 |
|
2 |
|a RU
|b 63413507
|c 20061222
|g PSBO
|
| 942 |
|
|
|c BK
|